000 00415nam a2200181Ia 4500
001 19704
005 20260306172712.0
008 260306t2018||||xx |||||||||||||| ||spa||
041 _aESP
082 _a341
_bH22
100 _aHarel, Alon,
_eAUT
245 0 _aPor qué el derecho importa
260 _c2018
300 _a239 páginas :
_c23 cm.
650 _aGEN
654 _aCDE
942 _cLIB
_dJUS
_fJUS
_2ddc
_n
999 _c19704
_d19704